Linear algebra and its applications (Record no. 208)
[ view plain ]
| 000 -LEADER | |
|---|---|
| Fixed length control field | 00437nam a2200181 4500 |
| 003 - CONTROL NUMBER IDENTIFIER | |
| Control field | SEACOMEC |
| 005 - DATE AND TIME OF LATEST TRANSACTION | |
| Control field | 20240417133041.0 |
| 008 - FIXED-LENGTH DATA ELEMENTS--GENERAL INFORMATION | |
| Fixed length control field | 231007b |||||||| |||| 00| 0 eng d |
| 040 ## - CATALOGING SOURCE | |
| Original cataloging agency | SEACOMEC |
| 082 ## - DEWEY DECIMAL CLASSIFICATION NUMBER | |
| Classification number | 512.5 |
| Book Number | L426 |
| 100 1# - MAIN ENTRY--PERSONAL NAME | |
| Personal name | Lay, David C. |
| 245 1# - TITLE STATEMENT | |
| Title | Linear algebra and its applications |
| Statement of responsibility | David C. Lay |
| 250 ## - EDITION STATEMENT | |
| Edition statement | 2nd ed. |
| 260 ## - IMPRINT | |
| Place of publication | Delhi |
| Name of publisher | Pearson |
| Date of publication | 2000 |
| 650 ## - SUBJECT ADDED ENTRY--TOPICAL TERM | |
| Topical term | Mathematics |
| 650 ## - SUBJECT ADDED ENTRY--TOPICAL TERM | |
| Topical term | Algebra |
| 942 ## - ADDED ENTRY ELEMENTS (KOHA) | |
| Koha item type | Books |
| Withdrawn status | Lost status | Source of classification | Damaged status | Not for loan | Home library | Current library | Date acquired | Total Checkouts | Call number | Accession number | Date last seen | Price effective from | Koha item type |
|---|---|---|---|---|---|---|---|---|---|---|---|---|---|
| Dewey Decimal Classification | SEACOM ENGINEERING COLLEGE | SEACOM ENGINEERING COLLEGE | 04/08/2006 | 512.5 L426 | 5177 | 17/04/2024 | 17/04/2024 | Books |
